<The> European Union encyclopedia and directory 2010
Na minha lista:
| Formato: | Livro |
|---|---|
| Idioma: | inglês |
| Publicado em: |
London
Routledge
2009
|
| Edição: | 10nt ed. |
| Colecção: | <The> Europa Publications EU Information Series
|
| Assuntos: | |
| Tags: |
Sem tags, seja o primeiro a adicionar uma tag!
|
MARC
| LEADER | 00000nam$a2200000$$$4500 | ||
|---|---|---|---|
| 001 | 0108950 | ||
| 005 | 20240313134155.2 | ||
| 020 | |a 978-1-85743-532-0 | ||
| 041 | 0 | |a eng | |
| 044 | |a GB | ||
| 245 | 1 | 0 | |a <The> European Union encyclopedia and directory 2010 |
| 250 | |a 10nt ed. | ||
| 264 | 1 | |a London |b Routledge |c 2009 | |
| 300 | |a 761 s. | ||
| 490 | 1 | |a <The> Europa Publications EU Information Series | |
| 830 | 0 | |a <The> Europa Publications EU Information Series | |
| 610 | 2 | 0 | |a integrácia ekonomická medzinárodná |
| 610 | 2 | 0 | |a história |
| 610 | 2 | 0 | |a vývoj |
| 610 | 2 | 0 | |a organizácie medzinárodné |
| 610 | 2 | 0 | |a spolupráca medzinárodná |
| 610 | 2 | 0 | |a zmluvy medzinárodné |
| 610 | 2 | 0 | |a politika medzinárodná |
| 610 | 2 | 0 | |a zdroje informácií |
| 610 | 2 | 0 | |a údaje štatistické |
| 610 | 2 | 0 | |a Európska únia |